000
00257nam a22001217a 4500
008
181102b xxu||||| |||| 00| 0 eng d
041
_a
eng
080
_a
611.085
100
_a
9
101
_a
HIS
245
_a
Human Histology
_c
Arey,L.B
942
_2
udc
_c
BK
999
_c
51666
_d
51666